The roles of the family and the welfare state: the relationship between public and private financial support in sweden /

Guardat en:
Dades bibliogràfiques
Autor principal: Björnberg, Ulla
Altres autors: Latta, Mia
Format: Text
Matèries:
Etiquetes: Afegir etiqueta
Sense etiquetes, Sigues el primer a etiquetar aquest registre!

MARC

LEADER 00000 a a2200000 04500
001 4766
003
040
100 |a Björnberg, Ulla  
245 |a The roles of the family and the welfare state:   |b the relationship between public and private financial support in sweden /  |c Ulla Björnberg ; Mia Latta 
650 |a FAMILIA  
650 |a BENEFICIOS  
650 |a SOCIEDAD  
650 |a ESTADO  
700 |a Latta, Mia  
773 |g volumen 55, número 3; páginas 415-445  
999 |c 30303  |d 30303